The correspondence of Walter Benjamin, 1910-1940 (Registro nro. 88619)

Detalles MARC
000 -ENCABEZADO
Número de control [NR] 00975nam a22002297a 4500
008 - DE LONGITUD FIJA DE DATOS DE ELEMENTOS - INFORMACIÓN GENERAL
Elementos de longitud fija [NR] 130821s1994 xxu gr eng
020 ## - NUMERO INTERNACIONAL NORMALIZADO PARA LIBROS [R]
Número Internacional Normalizado del libro [NR] 0226042375
040 ## - FUENTE DE CATALOGACION [NR]
Agencia de catalogación original [NR] Co-BoUCM
Idioma de catalogación [NR] spa
041 00 - CODIGO DE IDIOMA [R]
Código de idioma para texto/pista de sonido o título separado [R] Inglés
100 1# - ASIENTO PRINCIPAL--NOMBRE PERSONAL [NR]
Nombre personal [NR] Benjamin, Walter
Fechas asociadas con el nombre [NR] 1892-1940.
ID Autoridad 54524
245 14 - MENCION DE TITULO [NR]
Título [NR] The correspondence of Walter Benjamin, 1910-1940
Mención de responsabilidad, etc. [NR] edición y anotaciones Gershom Scholem y Theodor W. Adorno ; traducción de Manfred R. Jacobson y Evelyn M. Jacobson.
260 ## - PUBLICACION, DISTRIBUCION, ETC. (PIE DE IMPRENTA) [R]
Lugar de publicación, distribución, etc. [R] Chicago (Illinois, estados Unidos)
Nombre del editor, distribuidor, etc. [R] University of Chicago Press
Fecha de publicación, distribución, etc. [R] 1994
300 ## - DESCRIPCION FISICA [R]
Extensión [R] xxii, 651 páginas
500 ## - NOTA GENERAL [R]
Nota general [NR] Incluye índice.
600 10 - ASIENTO SECUNDARIO DE MATERIA - NOMBRE PERSONAL [R]
Nombre personal [NR] Benjamín, Walter
Fechas asociadas con el nombre [NR] 1892-1940
9 (RLIN) 54524
650 04 - ASIENTO SECUNDARIO DE MATERIA - TERMINO TEMATICO [R]
Término temático o nombre geográfico como elemento de entrada [NR] Autores alemanes
Subdivisión cronológica [R] Siglo XX
9 (RLIN) 72230
650 04 - ASIENTO SECUNDARIO DE MATERIA - TERMINO TEMATICO [R]
Término temático o nombre geográfico como elemento de entrada [NR] Escritores alemanes
Subdivisión de forma [R] Correspondencia, memorias, etc.
9 (RLIN) 14776
700 1# - ASIENTO SECUNDARIO - NOMBRE PERSONAL [R]
Nombre personal [NR] Adorno, Theodor Wiesengrund
Fechas asociadas con el nombre [NR] 1903-1969
9 (RLIN) 76384
700 1# - ASIENTO SECUNDARIO - NOMBRE PERSONAL [R]
Nombre personal [NR] Scholem, Gershom Gerhard
Fechas asociadas con el nombre [NR] 1897-
9 (RLIN) 171127
942 ## - ELEMENTOS DE ENTRADA AGREGADOS (KOHA)
Tipo de ítem principal el descrito en 300a Libro
Tema principal Literatura
Edición 1
Parte restante de la signatura top. B468
Sistema de clasificación DEWEY
Clasificación 838.91209
Existencias
Fecha de último préstamo Total préstamos Total Renewals Signatura topográfica Código de barras Última vez visto Ejemplar Price effective from Tipo de ítem Perdido Sistema de clasificación Dañado No prestable Tipo de ítem específico Suprimido Ubicación habitual Ubicación actual Localización Fecha de creación Forma de adquisición Costo
08/09/2025 4 2 838.91209 B468 100073457 09/12/2025 Ej.1 03/02/2013 Libro   DEWEY     Libro   Claustro Claustro 2do piso 28/02/2005   150000.00